|
|
|
|
| LEADER |
00971nam a2200241 a 4500 |
| 001 |
7908 |
| 003 |
BD-DhAAL |
| 005 |
20250812121012.0 |
| 008 |
151017s2005 enk d 000 0 eng |
| 040 |
|
|
|a UKM
|c UKM
|d BWKUK
|d BD-DhAAL
|
| 050 |
|
4 |
|a PE1591
|b .D54 2005
|
| 082 |
0 |
4 |
|a 423.1
|2 22
|
| 245 |
0 |
2 |
|a A dictionary of synonyms and antonyms /
|c compiled by Moniruzzaman.
|
| 246 |
3 |
|
|a Oxford quick reference thesaurus
|
| 250 |
|
|
|a Fourth edition.
|
| 260 |
|
|
|a Dhaka :
|b Khan Book,
|c 2005.
|
| 300 |
|
|
|a 640 pages ;
|c 22 cm.
|
| 650 |
|
0 |
|a English language
|x Synonyms and antonyms
|v Dictionaries.
|9 15496
|
| 655 |
|
|
|a Dictionaries.
|9 14176
|
| 942 |
|
|
|2 ddc
|c BK
|
| 999 |
|
|
|c 35817
|d 35817
|
| 952 |
|
|
|0 0
|1 0
|2 ddc
|4 0
|6 423_100000000000000_DIC
|7 0
|9 56343
|a SCL
|b SCL
|c GEN
|d 2015-10-17
|g 160.00
|l 0
|o 423.1 DIC
|p 3020007908
|r 2015-10-17
|t 1
|w 2015-10-17
|y BK
|
| 952 |
|
|
|0 0
|1 0
|2 ddc
|4 0
|6 423_100000000000000_DIC
|7 0
|9 56344
|a SCL
|b SCL
|c GEN
|d 2015-10-17
|g 160.00
|l 0
|o 423.1 DIC
|p 3020007907
|r 2015-10-17
|t 2
|w 2015-10-17
|y BK
|